|
|
|
|
| LEADER |
00000cam a2200000 a 4500 |
| 001 |
vtls001088888 |
| 003 |
SK-MaSNL |
| 005 |
20260301001038.0 |
| 008 |
240226s1986 xo oa dr 000 0 slo |
| 015 |
|
|
|a SNBA1986/09
|
| 020 |
|
|
|q (viazané)
|
| 035 |
|
|
|a SNK000031728
|
| 040 |
|
|
|a SNK
|b slo
|c SNK
|e AACR2
|
| 041 |
0 |
|
|a slo
|
| 043 |
|
|
|a f-ua---
|
| 044 |
|
|
|a xo
|c SK
|
| 072 |
|
7 |
|a 25
|x Náboženstvo, mytológia, kulty
|2 konspekt
|
| 080 |
|
|
|a 251-14-162.4
|2 2011
|
| 080 |
|
|
|a (32)
|2 2011
|
| 080 |
|
|
|a (038.072)
|2 2011
|
| 100 |
1 |
|
|a Zamarovský, Vojtech,
|d 1919-2006
|4 aut
|9 99371
|
| 245 |
1 |
0 |
|a Bohovia a králi starého Egypta
|c Vojtech Zamarovský ; farebné a čiernobiele fotografie Peter Zamarovský ; kresby Otakar Pok
|
| 250 |
|
|
|a 1. vyd.
|
| 260 |
|
|
|a Bratislava
|b Mladé letá
|c 1986
|e Banská Bystrica
|f Tlačiarne SNP
|
| 300 |
|
|
|a 448 s.
|b fotografie, mapy, schémy
|c 21 cm
|
| 366 |
|
|
|e 40000 výtl.
|
| 500 |
|
|
|a Mapy na predsádkach
|
| 504 |
|
|
|a Obsahuje bibliografiu. Register
|
| 521 |
1 |
|
|a Pre čitateľov od 13 rokov
|
| 650 |
0 |
7 |
|a egyptskí bohovia
|2 SNKPH
|9 119351
|
| 650 |
0 |
7 |
|a Egyptian gods
|2 SNKPHeng
|9 278820
|
| 651 |
|
7 |
|a staroveký Egypt
|2 SNKPHgeo
|9 68598
|
| 651 |
|
7 |
|a Ancient Egypt
|2 SNKPHeng
|9 278821
|
| 655 |
|
7 |
|a výkladové slovníky
|2 SNKPH
|9 69007
|
| 655 |
|
7 |
|a Explanatory dictionaries
|2 SNKPHeng
|9 278822
|
| 700 |
1 |
|
|a Zamarovský, Peter,
|d 1952-
|4 pht
|9 143954
|
| 700 |
1 |
|
|a Pok, Otakar
|4 ill
|9 60581
|
| 954 |
|
|
|a odborná, vedecká literatúra pôvodná (slovenská)
|2 lita
|
| 958 |
|
|
|a NB
|
| 958 |
|
|
|a SP
|
| 958 |
|
|
|a TL
|
| 999 |
|
|
|c 534049
|d 535979
|
| 952 |
|
|
|t P60, <04>, [BOOK], {604}
|a SNK
|b SNK
|y VYP
|7 0
|p 17A0111019
|o snkSC 66169 D1
|0 0
|1 0
|4 0
|d 1997-11-29
|l 0
|r 2004-12-31 00:00:00
|w 2026-02-23
|
| 952 |
|
|
|t P60, <03>, [BOOK], {603}
|a SNK
|b SNK
|y PREZ
|7 0
|p 17A0213030
|o snkSC 66169
|i snkKSP 5058/86
|0 0
|1 0
|4 0
|d 1999-10-05
|f 1
|l 0
|r 2025-07-07 00:00:00
|w 2026-02-23
|